| 000 | 00980nmm a2200373 a 4500 | ||
|---|---|---|---|
| 003 | AR-BaBNM | ||
| 005 | 20251128204256.0 | ||
| 008 | 017019s1978 ||||||||||||||000 | spa|| | ||
| 040 | _cAR-BaBNM | ||
| 100 | 1 | _aAlborg, Juan Luis | |
| 245 | 1 | 0 |
_aHistoria de la literatura española _bedad media y renacimiento. 1 |
| 250 | _a2ª ed. aum. | ||
| 260 |
_aMadrid _bGredos _c1978 |
||
| 300 | _a1082 p. | ||
| 500 | _aContiene índice de nombres y obras en p. 1021 | ||
| 650 | 4 | _aSATIRA | |
| 650 | 4 | _aLITERATURA RELIGIOSA | |
| 650 | 4 | _aLITERATURA ESPAÑOLA | |
| 650 | 4 | _aEDAD MEDIA | |
| 650 | 4 | _aRENACIMIENTO | |
| 650 | 4 | _aBIOGRAFIAS | |
| 650 | 4 | _aHISTORIA LITERARIA | |
| 650 | 4 | _aCANTARES DE GESTA | |
| 650 | 4 | _aTEATRO | |
| 650 | 4 | _aLITERATURA POPULAR | |
| 653 | _aEPICA | ||
| 653 | _aROMANCES | ||
| 653 | _aMESTER DE CLERECIA | ||
| 653 | _aLIBROS DE CABALLERIA | ||
| 653 | _aNOVELA SENTIMENTAL | ||
| 655 | _aLITERATURA | ||
| 942 | _cBK | ||
| 998 | _cMARTIN | ||
| 999 |
_c6819 _d6819 |
||